000 00732cam a22002413a 4500
001 27604
003 PGUSA
005 20140828083610.0
008 081223s2008||||xxu|||||s|||||000 | eng d
040 _aPGUSA
_beng
042 _adc
050 4 _aDS
100 1 _aBrinkley, F.
_q(Frank),
_d1841-1912
245 1 2 _aA History of the Japanese People :
_bFrom the Earliest Times to the End of the Meiji Era
_h[electronic resource] /
_cF. Brinkley
260 _bProject Gutenberg,
_c2008
506 _aPublic domain in the USA.
516 _aElectronic text
653 _aJapan -- History
653 _aJapan -- Civilization
830 0 _aProject Gutenberg
_v27604
856 4 0 _uhttp://www.gutenberg.org/ebooks/27604
942 _cEB
999 _c256859
_d256859